The spatial and temporal dynamics of host-parasitoid interactions

Na minha lista:
Detalhes bibliográficos
Autor principal: Hassell, Michael Patrick (Author)
Formato: Livro
Idioma:inglês
Publicado em: Nueva York Oxford University Press 2000
Edição:1a. ed
Colecção:Oxford Series in Ecology and Evolution
Assuntos:
Tags: Adicionar Tag
Sem tags, seja o primeiro a adicionar uma tag!

MARC

LEADER 00000cam a2200000 a 4500
001 UCF4145
003 CL-VaPUC
008 121122e20000000US |||||||||||||||||eng|d
020 |a 0198540884 
082 0 4 |a 577.857  |b HAS  |2 21 
100 0 |a Hassell, Michael Patrick  |e author  |9 565760 
245 1 4 |a The spatial and temporal dynamics of host-parasitoid interactions 
250 |a 1a. ed 
300 |a 200 p 
942 |c BK 
945 |d 20121122 00:00:00  |a dcastane 
260 |a Nueva York  |b Oxford University Press  |c 2000 
650 7 |a PARASITISMO  |2 CL-VaPUC  |9 462462 
650 0 |a Parásitos   |9 346252 
650 0 |a Modelos matemáticos   |9 259437 
583 |a last modification  |c 20121122 14:17:00  |k Rodrigo Vera 
490 0 |a Oxford Series in Ecology and Evolution 
999 |c 350088  |d 350086 
952 |0 0  |1 0  |4 0  |6 577_857000000000000_HAS_2000  |7 0  |8 A  |9 453113  |a BIBMAT  |b BIBMAT  |d 2019-11-22  |i 4918118  |o 577.857 HAS 2000  |p 4918118  |r 2025-01-07  |w 2019-11-22  |y BK  |k MAT